[Event "DEM U16 2012"]
[Site "Oberhof GER"]
[Date "2012.05.29"]
[Round "4"]
[White "Knopf, Felix"]
[Black "Stanau, Guido"]
[Result "0-1"]
[Termination "normal"]
[Board "9"]
[WhiteElo "1790"]
[BlackElo "2094"]
[PlyCount "80"]
[WhiteFideId "24692204"]
[BlackFideId "24692255"]
[EventCountry "GER"]
[EventRounds "9"]
[EventType "swiss"]
[EventDate "2012.05.26"]

1. d4 Nf6 2. Nf3 g6 3. c4 Bg7 4. Nc3 O-O 5. e4 d6 6. Be2 e5 7. O-O Nc6 8. d5
Ne7 9. Ne1 Nd7 10. Be3 f5 11. f3 f4 12. Bf2 g5 13. g4 fxg3 14. hxg3 Ng6 15. Rc1
Rf7 16. b4 Bf8 17. Nd3 Rg7 18. Kh2 Nf6 19. g4 h5 20. Be3 Nf4 21. Nf2 Rh7 22.
Kg3 Qe8 23. Rh1 Qg6 24. Qc2 a5 25. bxa5 Rxa5 26. Qb2 b6 27. Rcd1 Be7 28. Rde1
Bd7 29. Bd1 Kg7 30. Be2 Rh6 31. Bd1 Ra8 32. Qc2 Rah8 33. Be2 Qh7 34. Bxf4 gxf4+
35. Kg2 hxg4 36. fxg4 Rh2+ 37. Rxh2 Qxh2+ 38. Kf1 Nxg4 39. Ncd1 f3 40. Ne3 Qh1+
0-1

[Event "DEM U16 2012"]
[Site "Oberhof GER"]
[Date "2012.05.29"]
[Round "4"]
[White "Grewenig, Jan"]
[Black "Gibicar, Danijel"]
[Result "1/2-1/2"]
[Termination "normal"]
[Board "10"]
[WhiteElo "1918"]
[BlackElo "2100"]
[PlyCount "43"]
[WhiteFideId "4657330"]
[BlackFideId "24660256"]
[EventCountry "GER"]
[EventRounds "9"]
[EventType "swiss"]
[EventDate "2012.05.26"]

1. e4 e6 2. d4 d5 3. Nd2 Nf6 4. e5 Nfd7 5. c3 c5 6. f4 Nc6 7. Ndf3 Qb6 8. h4 f6
9. Bd3 cxd4 10. cxd4 Bb4+ 11. Kf1 f5 12. Ne2 a5 13. h5 Nf8 14. g4 fxg4 15. Nh2
h6 16. Rg1 Bd7 17. Rxg4 Rg8 18. Nf3 Be7 19. a3 Bd8 20. Qc2 Ne7 21. Nh4 Bb5 22.
f5 1/2-1/2

[Event "DEM U16 2012"]
[Site "Oberhof GER"]
[Date "2012.05.29"]
[Round "4"]
[White "Pixa, Richard"]
[Black "Imcke, Patrick"]
[Result "1-0"]
[Termination "normal"]
[Board "11"]
[WhiteElo "1875"]
[BlackElo "1855"]
[PlyCount "89"]
[WhiteFideId "4626095"]
[BlackFideId "4622502"]
[EventCountry "GER"]
[EventRounds "9"]
[EventType "swiss"]
[EventDate "2012.05.26"]

1. e4 e6 2. d4 d5 3. Nd2 Nf6 4. e5 Nfd7 5. Bd3 c5 6. c3 Nc6 7. Ne2 cxd4 8. cxd4
f6 9. Nf4 Nxd4 10. Qh5+ Ke7 11. Ng6+ hxg6 12. exf6+ Nxf6 13. Qxh8 Qa5 14. O-O
Kf7 15. Nf3 Nxf3+ 16. gxf3 e5 17. Qh4 Bd6 18. Qg5 e4 19. Bxe4 Nxe4 20. fxe4 Qc7
21. Qg2 dxe4 22. Bg5 Bf5 23. Rac1 Qd7 24. Rfd1 Qe6 25. Rd2 Rh8 26. h4 Be5 27.
Rcd1 Qc6 28. Qf1 Bg4 29. Rc1 Qe6 30. Qb5 Rb8 31. Rc5 a6 32. Qc4 Qxc4 33. Rxc4
Bf5 34. b3 Ke6 35. Kf1 Kf7 36. Ke2 Rc8 37. Rdc2 Rxc4 38. Rxc4 Ke6 39. Ke3 Kd5
40. Bf4 Bb2 41. Rc7 Bg4 42. Kd2 Bf6 43. Bg5 b6 44. Bxf6 gxf6 45. Rg7 1-0

[Event "DEM U16 2012"]
[Site "Oberhof GER"]
[Date "2012.05.29"]
[Round "4"]
[White "Stahnecker, Ludwig"]
[Black "Arnoczky, Philipp"]
[Result "1-0"]
[Termination "normal"]
[Board "12"]
[WhiteElo "2101"]
[BlackElo "1999"]
[PlyCount "95"]
[WhiteFideId "24692026"]
[BlackFideId "12913243"]
[EventCountry "GER"]
[EventRounds "9"]
[EventType "swiss"]
[EventDate "2012.05.26"]

1. e4 Nf6 2. e5 Nd5 3. c4 Nb6 4. d4 d6 5. exd6 cxd6 6. Nc3 g6 7. Nf3 Bg7 8. Be2
Bg4 9. Be3 O-O 10. Rc1 d5 11. c5 Nc8 12. Qb3 Qc7 13. Nxd5 Qd7 14. Nc3 e6 15.
Rd1 Bxf3 16. Bxf3 Nc6 17. O-O N8e7 18. Rd2 Bxd4 19. Qc4 e5 20. Nb5 Rad8 21. Bh6
Rfe8 22. Nd6 Nf5 23. Nxe8 Rxe8 24. Bg4 Qe7 25. Bxf5 Qh4 26. Be3 gxf5 27. Bxd4
Nxd4 28. f4 Rd8 29. Qc3 Qh5 30. Kh1 Rd5 31. Qg3+ Kh8 32. Qf2 Qh6 33. Rfd1 f6
34. fxe5 fxe5 35. h3 Qe6 36. Qe3 Qf6 37. b4 Rd7 38. Re1 Rd5 39. Rc1 Rd7 40. b5
f4 41. Qe4 Nf5 42. Qb4 Rxd2 43. Qxd2 f3 44. c6 bxc6 45. bxc6 fxg2+ 46. Qxg2 Qh6
47. Rb1 Qd6 48. c7 1-0

[Event "DEM U16 2012"]
[Site "Oberhof GER"]
[Date "2012.05.29"]
[Round "4"]
[White "Kühne, Niklas"]
[Black "Koop, Thorben"]
[Result "0-1"]
[Termination "normal"]
[Board "13"]
[WhiteElo "1724"]
[BlackElo "2141"]
[PlyCount "54"]
[WhiteFideId "24690015"]
[BlackFideId "24661619"]
[EventCountry "GER"]
[EventRounds "9"]
[EventType "swiss"]
[EventDate "2012.05.26"]

1. c4 Nf6 2. Nc3 g6 3. g3 Bg7 4. Bg2 O-O 5. e3 c6 6. Nge2 d6 7. O-O Bg4 8. h3
Be6 9. b3 d5 10. cxd5 Nxd5 11. Ba3 Qa5 12. Qc1 Nd7 13. Nxd5 Bxd5 14. Bb2 Bxg2
15. Kxg2 Qd5+ 16. Kh2 Bxb2 17. Qxb2 Ne5 18. Nf4 Nf3+ 19. Kg2 Qxd2 20. Qa3 e5
21. Rfd1 Qc2 22. Kxf3 exf4 23. gxf4 Qf5 24. Kg3 Rfe8 25. Rd2 g5 26. fxg5 Qxg5+
27. Kh2 Qe5+ 0-1

[Event "DEM U16 2012"]
[Site "Oberhof GER"]
[Date "2012.05.29"]
[Round "4"]
[White "Grötzbach, Julian"]
[Black "Kardoeus, David"]
[Result "1-0"]
[Termination "normal"]
[Board "14"]
[WhiteElo "2042"]
[BlackElo "1771"]
[PlyCount "115"]
[WhiteFideId "24600938"]
[BlackFideId "12912050"]
[EventCountry "GER"]
[EventRounds "9"]
[EventType "swiss"]
[EventDate "2012.05.26"]

1. e4 e6 2. d4 d5 3. Nc3 Bb4 4. Nge2 dxe4 5. a3 Bxc3+ 6. Nxc3 Nc6 7. d5 exd5 8.
Qxd5 Be6 9. Qxe4 Nf6 10. Qh4 Bf5 11. Bb5 Bxc2 12. Bxc6+ bxc6 13. O-O O-O 14.
Bg5 h6 15. Bxf6 Qxf6 16. Qxf6 gxf6 17. Rac1 Bd3 18. Rfe1 Rfe8 19. f3 Rxe1+ 20.
Rxe1 Rb8 21. Rd1 Bc2 22. Rd2 Bf5 23. Kf2 Kg7 24. Ne2 Be6 25. Nd4 c5 26. Ne2 c4
27. Ke1 Rb6 28. Kd1 Rd6 29. Ng3 c3 30. Rxd6 cxb2 31. Kc2 cxd6 32. Kxb2 d5 33.
Kc3 Kf8 34. Kd4 Ke7 35. Kc5 Kd7 36. Nh5 Kc7 37. Nxf6 Kb7 38. Nxd5 Bd7 39. Kd6
Bb5 40. f4 Bf1 41. g4 Ka6 42. g5 hxg5 43. fxg5 Kb5 44. Nf4 Bc4 45. h4 Ba2 46.
h5 Bb1 47. Ke7 Ka4 48. Kxf7 Kxa3 49. g6 a5 50. Nd5 Ba2 51. Ke6 Kb2 52. g7 a4
53. g8=Q a3 54. Qg2+ Ka1 55. h6 Bb1 56. Nc3 a2 57. Na4 Bc2 58. Qg7+ 1-0

[Event "DEM U16 2012"]
[Site "Oberhof GER"]
[Date "2012.05.29"]
[Round "4"]
[White "Katz, Leo"]
[Black "Kreyssig, Robert"]
[Result "0-1"]
[Termination "normal"]
[Board "15"]
[WhiteElo "1817"]
[BlackElo "1935"]
[PlyCount "110"]
[WhiteFideId "12918458"]
[BlackFideId "4662881"]
[EventCountry "GER"]
[EventRounds "9"]
[EventType "swiss"]
[EventDate "2012.05.26"]

1. d4 Nf6 2. c4 g6 3. Nc3 Bg7 4. g3 O-O 5. Bg2 d6 6. e3 c5 7. Nge2 Nc6 8. O-O
Rb8 9. b3 Bd7 10. Bb2 a6 11. d5 Na5 12. Qc2 b5 13. cxb5 axb5 14. Rfd1 Qc7 15.
Ne4 Nxe4 16. Bxe4 b4 17. Bxg7 Kxg7 18. Bd3 e6 19. Nf4 e5 20. Ng2 Bb5 21. Bc4
Nxc4 22. bxc4 Bd7 23. e4 Ra8 24. Re1 Ra3 25. f4 f6 26. f5 g5 27. Qe2 Rfa8 28.
h4 Rxg3 29. hxg5 Rxg5 30. Kf2 Rg8 31. Rh1 Be8 32. Rh2 Kf8 33. Rah1 Qg7 34. Ne3
Rg1 35. Qf3 h5 36. Ng2 Rxh1 37. Rxh1 Qg4 38. Nh4 Qxf3+ 39. Kxf3 Kg7 40. Rg1+
Kh7 41. Ra1 Rg7 42. a4 Ra7 43. a5 b3 44. Rb1 Ba4 45. Ke3 Rxa5 46. Kd3 Ra8 47.
Kc3 Rb8 48. Rb2 Be8 49. Rxb3 Rxb3+ 50. Kxb3 Kh6 51. Nf3 h4 52. Nxh4 Kg5 53.
Nf3+ Kf4 54. Nd2 Ke3 55. Kc2 Ba4+ 0-1

[Event "DEM U16 2012"]
[Site "Oberhof GER"]
[Date "2012.05.29"]
[Round "4"]
[White "Passon, Marcel"]
[Black "Persch, Adrian"]
[Result "0-1"]
[Termination "normal"]
[Board "16"]
[WhiteElo "1894"]
[BlackElo "2030"]
[PlyCount "40"]
[WhiteFideId "12905186"]
[BlackFideId "24698830"]
[EventCountry "GER"]
[EventRounds "9"]
[EventType "swiss"]
[EventDate "2012.05.26"]

1. d4 d5 2. c4 c6 3. Nc3 Nf6 4. Nf3 a6 5. a4 dxc4 6. e3 Bg4 7. Bxc4 e6 8. Qb3
Qc7 9. Ne5 Bf5 10. O-O Be7 11. a5 O-O 12. Bd3 Bxd3 13. Nxd3 Nbd7 14. Bd2 Rfd8
15. Na4 Rac8 16. Rfd1 Ng4 17. f4 c5 18. dxc5 Nxc5 19. Naxc5 Bxc5 20. Rac1 Qxf4
0-1

[Event "DEM U16 2012"]
[Site "Oberhof GER"]
[Date "2012.05.29"]
[Round "4"]
[White "Schreiber, Kevin"]
[Black "Adiyaman, Rene"]
[Result "1/2-1/2"]
[Termination "normal"]
[Board "17"]
[WhiteElo "1869"]
[BlackElo "1860"]
[PlyCount "51"]
[WhiteFideId "24655830"]
[BlackFideId "12910414"]
[EventCountry "GER"]
[EventRounds "9"]
[EventType "swiss"]
[EventDate "2012.05.26"]

1. d4 d5 2. Nf3 c5 3. c3 e6 4. Bf4 Nc6 5. e3 Qb6 6. Qb3 Qd8 7. Qd1 Qb6 8. b3
Bd7 9. Nbd2 Rc8 10. Bd3 cxd4 11. exd4 Nf6 12. O-O Be7 13. h3 Bd8 14. Qe2 Bc7
15. Be3 Bb8 16. c4 Nb4 17. Bb1 Qa6 18. a3 dxc4 19. bxc4 Nbd5 20. Rc1 Nf4 21.
Bxf4 Bxf4 22. Bd3 O-O 23. g3 Bxd2 24. Qxd2 Rfd8 25. Qe3 Qd6 26. Rd1 1/2-1/2

[Event "DEM U16 2012"]
[Site "Oberhof GER"]
[Date "2012.05.29"]
[Round "5"]
[White "Möhn, Hans"]
[Black "Lampert, Jonas"]
[Result "1/2-1/2"]
[Termination "normal"]
[Board "1"]
[WhiteElo "2106"]
[BlackElo "2279"]
[PlyCount "52"]
[WhiteFideId "24647837"]
[BlackFideId "1303759"]
[EventCountry "GER"]
[EventRounds "9"]
[EventType "swiss"]
[EventDate "2012.05.26"]

1. d4 d5 2. c4 c6 3. e3 Nf6 4. Nc3 e6 5. Nf3 Nbd7 6. Qc2 Bd6 7. Bd3 O-O 8. O-O
dxc4 9. Bxc4 b5 10. Be2 Bb7 11. Rd1 Qc7 12. e4 e5 13. dxe5 Nxe5 14. Nd4 Neg4
15. g3 Bc5 16. h3 Rad8 17. hxg4 Rxd4 18. Rxd4 Bxd4 19. Kg2 Bxc3 20. bxc3 Nxe4
21. Bf4 Qe7 22. Bd3 c5 23. f3 f5 24. c4 Ng5 25. Bxg5 Qxg5 26. gxf5 b4 1/2-1/2

[Event "DEM U16 2012"]
[Site "Oberhof GER"]
[Date "2012.05.29"]
[Round "5"]
[White "Galkin, Wladislaw"]
[Black "Kvetny, Mark"]
[Result "1/2-1/2"]
[Termination "normal"]
[Board "2"]
[WhiteElo "1989"]
[BlackElo "2230"]
[PlyCount "81"]
[WhiteFideId "4603192"]
[BlackFideId "24603929"]
[EventCountry "GER"]
[EventRounds "9"]
[EventType "swiss"]
[EventDate "2012.05.26"]

1. c4 c5 2. g3 Nf6 3. Bg2 d5 4. Nc3 d4 5. Ne4 Nxe4 6. Bxe4 Nc6 7. d3 e5 8. e3
Be7 9. Bg2 h5 10. Ne2 h4 11. exd4 cxd4 12. a3 Be6 13. b4 h3 14. Bf3 g5 15. O-O
f5 16. Bd2 e4 17. dxe4 Ne5 18. Bh1 Bxc4 19. exf5 Bd5 20. f4 Nc4 21. Qa4+ Kf7
22. Qb3 b5 23. Rf2 Bxh1 24. Kxh1 Qd5+ 25. Kg1 Rad8 26. fxg5 Nxd2 27. g6+ Kg7
28. Qxd5 Rxd5 29. Nf4 Rxf5 30. Rxd2 Bf6 31. Rc1 Be5 32. Ne6+ Kxg6 33. Nxd4 Rd8
34. Rcd1 Bxd4+ 35. Rxd4 Rxd4 36. Rxd4 Rf3 37. Rd6+ Kg5 38. Rd5+ Kg4 39. Rxb5
Rxa3 40. Ra5 Rb3 41. Rxa7 1/2-1/2

[Event "DEM U16 2012"]
[Site "Oberhof GER"]
[Date "2012.05.29"]
[Round "5"]
[White "Carow, Johannes"]
[Black "Neef, Maximilian"]
[Result "1-0"]
[Termination "normal"]
[Board "3"]
[WhiteElo "2206"]
[BlackElo "2064"]
[PlyCount "151"]
[WhiteFideId "24692050"]
[BlackFideId "24692085"]
[EventCountry "GER"]
[EventRounds "9"]
[EventType "swiss"]
[EventDate "2012.05.26"]

1. d4 Nf6 2. c4 g6 3. Nc3 Bg7 4. e4 d6 5. f3 O-O 6. Be3 a6 7. Nge2 Nbd7 8. Qd2
c5 9. Rd1 b6 10. Nc1 cxd4 11. Bxd4 Bb7 12. Be2 Re8 13. O-O Rc8 14. Nb3 Ne5 15.
Bxe5 dxe5 16. Qxd8 Rexd8 17. Rxd8+ Rxd8 18. c5 Bh6 19. Kf2 bxc5 20. Nxc5 Rb8
21. Rd1 Bc6 22. Nb3 Rb6 23. Na5 Bb5 24. Bxb5 axb5 25. b4 e6 26. Ke2 Kf8 27.
Rd8+ Ne8 28. Rc8 Bc1 29. Nc6 Bb2 30. Nxe5 Ra6 31. Nd7+ Ke7 32. Nc5 Ra3 33. Nxb5
Rxa2 34. Kd3 Be5 35. g3 g5 36. Nd4 Bxd4 37. Kxd4 Rxh2 38. b5 Rb2 39. Rb8 Nd6
40. b6 Rb4+ 41. Kd3 h5 42. b7 e5 43. Ra8 Nxb7 44. Ra7 Kd6 45. Nxb7+ Kc7 46.
Na5+ Kb6 47. Rxf7 Kxa5 48. Rf5 g4 49. fxg4 hxg4 50. Rxe5+ Kb6 51. Ke3 Kc6 52.
Re6+ Kd7 53. Rg6 Ke7 54. Kf4 Kf7 55. Rxg4 Ra4 56. Rg5 Rb4 57. Ra5 Kf6 58. Ra6+
Kf7 59. Kf5 Rb3 60. Ra7+ Kf8 61. g4 Rb6 62. g5 Rc6 63. e5 Rb6 64. e6 Rb1 65.
Kf6 Rf1+ 66. Kg6 Re1 67. e7+ Ke8 68. Kg7 Rg1 69. Kg6 Rg2 70. Ra8+ Kxe7 71. Rg8
Rg1 72. Kh7 Rg2 73. g6 Rh2+ 74. Kg7 Rh1 75. Ra8 Rg1 76. Ra2 1-0

[Event "DEM U16 2012"]
[Site "Oberhof GER"]
[Date "2012.05.29"]
[Round "5"]
[White "Moritz, Aron"]
[Black "Müller, Nick"]
[Result "1/2-1/2"]
[Termination "normal"]
[Board "5"]
[WhiteElo "2130"]
[BlackElo "2065"]
[PlyCount "44"]
[WhiteFideId "24672319"]
[BlackFideId "24692093"]
[EventCountry "GER"]
[EventRounds "9"]
[EventType "swiss"]
[EventDate "2012.05.26"]

1. e4 e5 2. Nf3 Nc6 3. Bc4 Nf6 4. d3 h6 5. c3 d6 6. a4 a5 7. Qb3 Qe7 8. h3 g6
9. Nbd2 Bg7 10. Nf1 Nd8 11. g4 Be6 12. Ng3 c6 13. Bxe6 Nxe6 14. Be3 O-O 15. O-O
Rfe8 16. Rad1 c5 17. Rfe1 Qc7 18. Nd2 Rad8 19. Nc4 d5 20. Na3 Nf4 21. Kh2 h5
22. f3 Qe7 1/2-1/2

[Event "DEM U16 2012"]
[Site "Oberhof GER"]
[Date "2012.05.29"]
[Round "5"]
[White "Krause, Benedict"]
[Black "Kyas, Philipp"]
[Result "1-0"]
[Termination "normal"]
[Board "6"]
[WhiteElo "1930"]
[BlackElo "2100"]
[PlyCount "63"]
[WhiteFideId "12917990"]
[BlackFideId "24670936"]
[EventCountry "GER"]
[EventRounds "9"]
[EventType "swiss"]
[EventDate "2012.05.26"]

1. e4 e5 2. Nf3 Nc6 3. d4 exd4 4. Nxd4 Nf6 5. Nxc6 bxc6 6. e5 Qe7 7. Qe2 Nd5 8.
c4 Ba6 9. b3 g6 10. Ba3 d6 11. exd6 Qxe2+ 12. Bxe2 Bg7 13. cxd5 Bxe2 14. Kxe2
cxd5 15. Nd2 Bxa1 16. Rxa1 cxd6 17. Bxd6 Kd7 18. Bc5 Rhc8 19. Bd4 Rc2 20. Kd3
Rc6 21. b4 a6 22. a4 Rc7 23. Rb1 Rac8 24. Nb3 Rc6 25. b5 axb5 26. axb5 Rc4 27.
b6 Rb8 28. b7 f6 29. Na5 Ra4 30. Ba7 Ra3+ 31. Kd2 Ra2+ 32. Kd1 1-0

[Event "DEM U16 2012"]
[Site "Oberhof GER"]
[Date "2012.05.29"]
[Round "5"]
[White "Stanau, Guido"]
[Black "Tennert, Simon"]
[Result "0-1"]
[Termination "normal"]
[Board "7"]
[WhiteElo "2094"]
[BlackElo "2074"]
[PlyCount "48"]
[WhiteFideId "24692255"]
[BlackFideId "1270445"]
[EventCountry "GER"]
[EventRounds "9"]
[EventType "swiss"]
[EventDate "2012.05.26"]

1. e4 c5 2. Nf3 e6 3. c3 Nf6 4. e5 Nd5 5. d4 cxd4 6. cxd4 d6 7. a3 Bd7 8. Bd3
Bc6 9. O-O Nd7 10. b4 a6 11. Re1 Rc8 12. Ng5 dxe5 13. dxe5 Be7 14. Qg4 Nxe5 15.
Rxe5 Nf6 16. Qe2 Be4 17. Nc3 Bxd3 18. Qe1 Ng4 19. Rxe6 fxe6 20. Qxe6 Nh6 21.
Bb2 Nf5 22. Qe5 O-O 23. Rd1 Bf6 24. Qg3 Qc7 0-1

[Event "DEM U16 2012"]
[Site "Oberhof GER"]
[Date "2012.05.29"]
[Round "5"]
[White "Florstedt, Johannes"]
[Black "Yankelevich, Lev"]
[Result "0-1"]
[Termination "normal"]
[Board "8"]
[WhiteElo "2093"]
[BlackElo "2162"]
[PlyCount "70"]
[WhiteFideId "12922293"]
[BlackFideId "24684074"]
[EventCountry "GER"]
[EventRounds "9"]
[EventType "swiss"]
[EventDate "2012.05.26"]

1. e4 Nf6 2. e5 Nd5 3. c4 Nb6 4. c5 Nd5 5. Bc4 e6 6. d4 b6 7. Bxd5 exd5 8. Nc3
c6 9. b4 Be7 10. Qg4 g6 11. Qg3 a5 12. Na4 b5 13. Nb6 Ra6 14. bxa5 Rxa5 15. h4
h5 16. e6 d6 17. exf7+ Kxf7 18. Nxc8 Qxc8 19. Be3 dxc5 20. dxc5 Qg4 21. Qe5 Re8
22. Rh3 Nd7 23. Qc7 Ra6 24. Rf3+ Bf6 25. Ne2 Kg8 26. Rg3 Qf5 27. Rf3 Qe6 28.
Rd1 Be5 29. Qb7 Ra4 30. Rg3 Bxg3 31. Nxg3 d4 32. Kf1 Nxc5 33. Qc7 dxe3 34. Rd8
e2+ 35. Ke1 Rxa2 0-1

[Event "DEM U16 2012"]
[Site "Oberhof GER"]
[Date "2012.05.29"]
[Round "5"]
[White "Gibicar, Danijel"]
[Black "Stahnecker, Ludwig"]
[Result "1/2-1/2"]
[Termination "normal"]
[Board "9"]
[WhiteElo "2100"]
[BlackElo "2101"]
[PlyCount "110"]
[WhiteFideId "24660256"]
[BlackFideId "24692026"]
[EventCountry "GER"]
[EventRounds "9"]
[EventType "swiss"]
[EventDate "2012.05.26"]

1. d4 d5 2. c4 e6 3. Nf3 Nf6 4. g3 Bb4+ 5. Nbd2 O-O 6. Bg2 b6 7. O-O Nbd7 8.
Ne5 Bb7 9. Ndf3 Bd6 10. cxd5 exd5 11. Bf4 Qe7 12. Qa4 c5 13. Bh3 Rfd8 14. Rac1
Nf8 15. Nh4 g6 16. Nhf3 Nh5 17. Be3 f6 18. Nd3 c4 19. Nde1 a6 20. Qd1 Re8 21.
Bg2 Ne6 22. Nd2 b5 23. Nb1 b4 24. Nc2 f5 25. Bd2 Nf6 26. e3 a5 27. Be1 Ba6 28.
h3 h5 29. Bd2 Ng5 30. f4 Nge4 31. Rf3 Rac8 32. Be1 Rc7 33. Bf1 Rec8 34. Nd2 a4
35. a3 b3 36. Nb4 Bxb4 37. axb4 Nxd2 38. Bxd2 Bb5 39. Ra1 Ne4 40. Bc3 Ra7 41.
Ra3 Nd6 42. Bg2 Bc6 43. Qd2 Nb5 44. h4 Re8 45. Kf2 Rb8 46. Kg1 Nc7 47. Rf1 Qd6
48. Kf2 Na6 49. Rc1 Rxb4 50. Bxb4 Nxb4 51. Bf1 Nc2 52. Rxc2 bxc2 53. Qxc2 Qb4
54. Be2 Kf7 55. Bxh5 Kf6 1/2-1/2

[Event "DEM U16 2012"]
[Site "Oberhof GER"]
[Date "2012.05.29"]
[Round "5"]
[White "Koop, Thorben"]
[Black "Grewenig, Jan"]
[Result "1/2-1/2"]
[Termination "normal"]
[Board "10"]
[WhiteElo "2141"]
[BlackElo "1918"]
[PlyCount "118"]
[WhiteFideId "24661619"]
[BlackFideId "4657330"]
[EventCountry "GER"]
[EventRounds "9"]
[EventType "swiss"]
[EventDate "2012.05.26"]

1. Nf3 c5 2. g3 Nc6 3. d4 cxd4 4. Nxd4 g6 5. Bg2 Bg7 6. Nxc6 bxc6 7. O-O Nf6 8.
c4 O-O 9. Nc3 Rb8 10. Qc2 Qa5 11. Bf4 d6 12. Rac1 Qh5 13. e4 Bh3 14. Bxh3 Qxh3
15. f3 Qh5 16. b3 Nd7 17. Qe2 Qa5 18. Bd2 Qc7 19. Na4 Nb6 20. Ba5 Qb7 21. Nxb6
axb6 22. Bc3 Bxc3 23. Rxc3 b5 24. cxb5 cxb5 25. Rfc1 b4 26. Rc7 Rfc8 27. Qc4
Rxc7 28. Qxc7 Kg7 29. Qxb7 Rxb7 30. Kf2 Kf6 31. Ke3 Ke6 32. Kd3 Kd7 33. h4 f6
34. Rc4 Ra7 35. Rc2 e6 36. g4 Ra5 37. f4 h6 38. Kd4 f5 39. gxf5 gxf5 40. exf5
Rxf5 41. Ke4 d5+ 42. Ke3 Kd6 43. Rg2 e5 44. Rg6+ Kc5 45. fxe5 Rxe5+ 46. Kd3 Rh5
47. Rg4 Rf5 48. Rg6 Rf3+ 49. Ke2 Rh3 50. Rxh6 Kd4 51. Rb6 Kc3 52. Ra6 Rh2+ 53.
Ke1 Rxh4 54. a3 bxa3 55. Rxa3 Rb4 56. Ra5 Re4+ 57. Kd1 d4 58. Ra2 Rh4 59. Rc2+
Kxb3 1/2-1/2

[Event "DEM U16 2012"]
[Site "Oberhof GER"]
[Date "2012.05.29"]
[Round "5"]
[White "Powierski, Emil"]
[Black "Pixa, Richard"]
[Result "1-0"]
[Termination "normal"]
[Board "11"]
[WhiteElo "2044"]
[BlackElo "1875"]
[PlyCount "61"]
[WhiteFideId "4656199"]
[BlackFideId "4626095"]
[EventCountry "GER"]
[EventRounds "9"]
[EventType "swiss"]
[EventDate "2012.05.26"]

1. e4 e6 2. d4 d5 3. Nd2 Nf6 4. e5 Nfd7 5. c3 c5 6. Bd3 Nc6 7. Ne2 cxd4 8. cxd4
f6 9. exf6 Nxf6 10. Nf3 Bd6 11. O-O Qc7 12. Bg5 O-O 13. Rc1 Bd7 14. Bb1 Be8 15.
Ng3 h6 16. Bd2 Qb6 17. Qe2 Bd7 18. Bc3 Rac8 19. Ne5 Qc7 20. Rce1 Rfe8 21. Nh5
Bxe5 22. dxe5 Nxh5 23. Qxh5 Ne7 24. Re3 Nf5 25. Bxf5 exf5 26. Rg3 Re6 27. Qxf5
Rf8 28. Qd3 Qb6 29. Bd4 Qb5 30. Qd2 a6 31. f4 1-0

[Event "DEM U16 2012"]
[Site "Oberhof GER"]
[Date "2012.05.29"]
[Round "5"]
[White "Imcke, Patrick"]
[Black "Grötzbach, Julian"]
[Result "1/2-1/2"]
[Termination "normal"]
[Board "12"]
[WhiteElo "1855"]
[BlackElo "2042"]
[PlyCount "83"]
[WhiteFideId "4622502"]
[BlackFideId "24600938"]
[EventCountry "GER"]
[EventRounds "9"]
[EventType "swiss"]
[EventDate "2012.05.26"]

1. e4 c5 2. Nc3 d6 3. Nf3 a6 4. d4 cxd4 5. Nxd4 Nf6 6. Be2 e5 7. Nb3 Be7 8. Bg5
Be6 9. Qd3 Nbd7 10. O-O-O b5 11. f4 Qc7 12. f5 Bc4 13. Qe3 Rc8 14. Bxf6 Nxf6
15. Bxc4 Qxc4 16. Nd2 Qc6 17. Qd3 b4 18. Nd5 Nxd5 19. exd5 Qb6 20. Ne4 a5 21.
Kb1 a4 22. Rhf1 f6 23. g4 b3 24. cxb3 axb3 25. a3 h6 26. Rf3 Kf7 27. Qxb3 Qa6
28. Qd3 Qb6 29. Qe3 Qb5 30. Qd3 Qb6 31. Rf2 Rb8 32. Rc2 Qa5 33. Ka2 Rb5 34.
Rdd2 Rhb8 35. Rc6 Rb4 36. Rc4 R4b5 37. Nc3 Rb3 38. Qe2 Qb6 39. Rc6 Qb7 40. Rc4
Bd8 41. a4 Qa7 42. Ne4 1/2-1/2

[Event "DEM U16 2012"]
[Site "Oberhof GER"]
[Date "2012.05.29"]
[Round "5"]
[White "Kreyssig, Robert"]
[Black "Kühne, Niklas"]
[Result "1-0"]
[Termination "time forfeit"]
[Board "13"]
[WhiteElo "1935"]
[BlackElo "1724"]
[PlyCount "107"]
[WhiteFideId "4662881"]
[BlackFideId "24690015"]
[EventCountry "GER"]
[EventRounds "9"]
[EventType "swiss"]
[EventDate "2012.05.26"]

1. d4 d5 2. c4 e6 3. Nc3 c6 4. cxd5 exd5 5. Nf3 Be7 6. Bf4 Nf6 7. e3 O-O 8. Bd3
Nbd7 9. Qc2 Re8 10. O-O h6 11. h3 a6 12. a3 Nf8 13. b4 Ne6 14. Bh2 Ng5 15. Nxg5
hxg5 16. f3 Bd6 17. Qf2 Bxh2+ 18. Kxh2 Qd6+ 19. Kg1 Be6 20. Rad1 a5 21. e4 Nh5
22. e5 Qe7 23. Qb2 axb4 24. axb4 b6 25. Bc2 Nf4 26. Kh2 Rec8 27. Ra1 c5 28. Nb5
c4 29. Nd6 Rcb8 30. Ra3 Qd8 31. Rfa1 Rxa3 32. Qxa3 Ne2 33. Qe3 Nf4 34. b5 Ra8
35. Ra6 Rxa6 36. bxa6 Bd7 37. Qa3 Ne6 38. Bf5 Bc6 39. a7 Ba8 40. Bxe6 fxe6 41.
Kg1 Qd7 42. Kf2 Kh7 43. Ke2 b5 44. Qa6 b4 45. Nc8 b3 46. Kd2 Qf7 47. Qa1 Qf4+
48. Ke2 Qf5 49. Qc3 Qb1 50. Kd2 Qa2+ 51. Kc1 Qxg2 52. Qd2 Qf1+ 53. Kb2 Qxf3 54.
Nb6 1-0

[Event "DEM U16 2012"]
[Site "Oberhof GER"]
[Date "2012.05.29"]
[Round "5"]
[White "Arnoczky, Philipp"]
[Black "Schreiber, Kevin"]
[Result "1-0"]
[Termination "normal"]
[Board "14"]
[WhiteElo "1999"]
[BlackElo "1869"]
[PlyCount "65"]
[WhiteFideId "12913243"]
[BlackFideId "24655830"]
[EventCountry "GER"]
[EventRounds "9"]
[EventType "swiss"]
[EventDate "2012.05.26"]

1. d4 d5 2. c4 e6 3. Nf3 Nf6 4. g3 Be7 5. Bg2 O-O 6. O-O Nbd7 7. Qc2 c6 8. Nbd2
b6 9. e4 Bb7 10. e5 Ne8 11. cxd5 cxd5 12. Qa4 a5 13. Re1 Ba6 14. Bf1 Bxf1 15.
Nxf1 Nc7 16. h4 b5 17. Qd1 Qb8 18. Qd3 Rc8 19. Ng5 Nf8 20. Qf3 Bxg5 21. hxg5
Qb6 22. Be3 Na6 23. Rad1 Rc2 24. Bc1 Rac8 25. Ne3 R2c6 26. Ng4 Nb4 27. Nf6+
gxf6 28. gxf6 Ng6 29. Qh5 Qd8 30. Kg2 Rxc1 31. Rh1 Kf8 32. Qxh7 Ke8 33. Qg8+
1-0

[Event "DEM U16 2012"]
[Site "Oberhof GER"]
[Date "2012.05.29"]
[Round "5"]
[White "Persch, Adrian"]
[Black "Kardoeus, David"]
[Result "0-1"]
[Termination "normal"]
[Board "15"]
[WhiteElo "2030"]
[BlackElo "1771"]
[PlyCount "94"]
[WhiteFideId "24698830"]
[BlackFideId "12912050"]
[EventCountry "GER"]
[EventRounds "9"]
[EventType "swiss"]
[EventDate "2012.05.26"]

1. c4 g6 2. Nc3 Bg7 3. g3 c5 4. d3 Nc6 5. Bg2 e5 6. e4 Nge7 7. Nge2 O-O 8. O-O
f5 9. Nd5 Nxd5 10. cxd5 Ne7 11. Qb3 d6 12. a4 b6 13. Nc3 a6 14. Bd2 f4 15. f3
h5 16. Ne2 g5 17. h3 Ng6 18. g4 Bf6 19. Be1 Rf7 20. Rc1 Bd7 21. Qd1 Be8 22. b4
Rb7 23. Qb3 Qd7 24. Nc3 cxb4 25. Qxb4 Bd8 26. Bf2 Ne7 27. Rfd1 b5 28. a5 Rc8
29. Bf1 Qc7 30. d4 Qxa5 31. Qxd6 exd4 32. Bxd4 Bb6 33. Bxb6 Qxb6+ 34. Qxb6 Rxb6
35. d6 b4 36. d7 Bxd7 37. Rxd7 bxc3 38. Rd4 hxg4 39. hxg4 c2 40. Rd2 Rb3 41.
Kf2 Rcc3 42. Kg2 Ng6 43. Rcxc2 Nh4+ 44. Kh1 Rxc2 45. Rxc2 Rxf3 46. Bxa6 Rh3+
47. Kg1 Nf3+ 0-1